Normal view
MARC view
Entry Personal Name
001 - CONTROL NUMBER
- control field: 51527
003 - CONTROL NUMBER IDENTIFIER
- control field: ARRUPE
005 - DATE AND TIME OF LATEST TRANSACTION
- control field: 20220511084420.0
008 - FIXED-LENGTH DATA ELEMENTS
- fixed length control field: 220511|| aca||aabn | a|a d
040 ## - CATALOGING SOURCE
- Original cataloging agency: ARRUPE
- Transcribing agency: ARRUPE
100 ## - HEADING--PERSONAL NAME
- Personal name: Vanoyeke, Violaine
670 ## - SOURCE DATA FOUND
- Source citation: Work cat.: (ARRUPE)131401: Vanoyeke, Violaine., Hannibal /, c1995.